| 000 | 00687nam a2200253Ia 4500 | ||
|---|---|---|---|
| 003 | OSt | ||
| 005 | 20220918214412.0 | ||
| 006 | a|||||r|||| 00| 0 | ||
| 007 | ta | ||
| 008 | 220917b |||||||| |||| 00| 0 eng d | ||
| 024 | _a137,289 | ||
| 037 | _cTextual | ||
| 040 |
_aARTS _cARTS _beng |
||
| 041 |
_2eng _aeng |
||
| 082 | _aXM2v53.M, M4 | ||
| 100 |
_aVincent Steven _9131195 |
||
| 245 | 0 | _aPierre-Joseph proudhon and the rise of French republican socialism | |
| 260 |
_aNew York _bOUP _c1984 |
||
| 300 |
_aviii,320p. _ccm. |
||
| 650 | _aECONOMICS | ||
| 700 |
_a K _942047 |
||
| 942 |
_hXM2v53.M, M4 _cTEXL _2CC |
||
| 999 |
_c260373 _d260373 |
||